| 000 | 005120000a22001810004500 | ||
|---|---|---|---|
| 003 | MACL | ||
| 005 | 20151016115512.0 | ||
| 008 | 151016b xxu||||| |||| 00| 0 eng d | ||
| 040 |
_aMACL _cMACL |
||
| 041 | _aEnglish | ||
| 082 | _a920/SHA | ||
| 100 |
_aSharma, Jai Narain _915218 |
||
| 245 |
_aRediscovering Gandhi _bVol 3 Satyagraha Gandhis Approach to Conflict Resolution |
||
| 260 |
_bConcept Publishing Company _c2008 _aNew Delhi |
||
| 350 | _a700 | ||
| 650 |
_aBiography _915219 |
||
| 942 |
_cBK _k920/SHA _2ddc |
||
| 999 |
_c42838 _d42838 |
||